Correlation of Cyfra 21-1 Levels in Saliva and Serum with CK19 Mrna Expression in Oral Squamous Cell Carcinoma. (Record no. 1851765)

MARC details
000 -LEADER
fixed length control field 00969nam a2200361Ia 4500
005 - DATE AND TIME OF LATEST TRANSACTION
control field 20260514124357.0
008 - FIXED-LENGTH DATA ELEMENTS--GENERAL INFORMATION
fixed length control field 008 261405s9999 xx 000 0 eng d
037 ## -
-- Thesis
040 ## - CATALOGING SOURCE
-- CRL
040 ## - CATALOGING SOURCE
Language of cataloging eng
040 ## - CATALOGING SOURCE
Transcribing agency CRL
041 ## - LANGUAGE CODE
Language code of text eng
084 ## - COLON CLASSIFICATION NUMBER
-- CRL
100 ## - MAIN ENTRY--PERSONAL NAME
Student/researcher name Malhotra Dr.Rewa
245 #0 - TITLE STATEMENT
Title Correlation of Cyfra 21-1 Levels in Saliva and Serum with CK19 Mrna Expression in Oral Squamous Cell Carcinoma.
260 ## - PUBLICATION, DISTRIBUTION, ETC.
Place of publication, distribution, etc. Delhi
260 ## - PUBLICATION, DISTRIBUTION, ETC.
Name of publisher, distributor, etc. University of Delhi
260 ## - PUBLICATION, DISTRIBUTION, ETC.
Date of publication, distribution, etc. 2016
300 ## - PHYSICAL DESCRIPTION
Extent 107p.
502 ## - Thesis Note
Degree type Ph.D.
502 ## - Thesis Note
Name of granting institution University of Delhi
502 ## - Thesis Note
Year degree granted 2016
650 ## - SUBJECT ADDED ENTRY--TOPICAL TERM
LCSH or local subjects Microbiology
650 ## - SUBJECT ADDED ENTRY--TOPICAL TERM
LCSH or local subjects Oral Pathology
700 ## - ADDED ENTRY--PERSONAL NAME
Supervisor / Guide name Dr.Aadithya B.Urs,
700 ## - ADDED ENTRY--PERSONAL NAME
Supervisor / Guide name Dr.Anita Chakravarti
700 ## - ADDED ENTRY--PERSONAL NAME
Supervisor / Guide name Dr.V.K.Gupta
942 ## - ADDED ENTRY ELEMENTS (KOHA)
Koha item type Thesis
100 ## - MAIN ENTRY--PERSONAL NAME
-- 1239684
541 ## - IMMEDIATE SOURCE OF ACQUISITION NOTE
-- Thesis
650 ## - SUBJECT ADDED ENTRY--TOPICAL TERM
-- 1239685
700 ## - ADDED ENTRY--PERSONAL NAME
-- 1239686
700 ## - ADDED ENTRY--PERSONAL NAME
-- 1239687
700 ## - ADDED ENTRY--PERSONAL NAME
-- 1239688
710 ## - ADDED ENTRY--CORPORATE NAME
-- 1239689
999 ## -
-- 1851765
-- 1851765
Holdings
Withdrawn status Lost status Not for loan Home library Current library Date acquired Accession Number Koha item type
      Central Library Central Library 2026-05-14 TH0027987 Thesis
Copyright @ Delhi University Library System